Penzijné fondy na kapitálovom trhu bakalárska práca

Enregistré dans:
Détails bibliographiques
Auteur principal: Urbancová, Miroslava
Collectivité auteur: Národohospodárska fakulta EU. Katedra bankovníctva a medzinárodných financií
Autres auteurs: Pilch, Ctibor, 1957-
Format: Livre
Langue:slovaque
Publié: Bratislava 2010
Tags: Ajouter un tag
Pas de tags, Soyez le premier à ajouter un tag!

MARC

LEADER 00000nbm a2200000 4500
001 0135949
005 20110906094621.1
041 0 |a slo 
044 |a SK 
245 1 0 |a Penzijné fondy na kapitálovom trhu  |b bakalárska práca  |c Miroslava Urbancová ; školiteľ: Ctibor Pilch 
264 1 |a Bratislava  |c 2010 
300 |a 54 s. 
100 1 |a Urbancová, Miroslava 
700 1 |a Pilch, Ctibor, 1957- 
710 2 |a Národohospodárska fakulta EU. Katedra bankovníctva a medzinárodných financií